000
00329nam a2200133Ia 4500
008
240624s9999 xx 000 0 und d
041
_a
eng
082
_a
153.94 SHA
100
_a
SHARMA ARUN
245
_a
HOW TO PREPARE FOR VERBAL ABILITY AND RE
250
_a
(7th ed.)
260
_c
2017
_a
Chennai
_b
Mcgraw Hill
365
_c
RS
999
_c
29842
_d
29842